People: Real or Fake - Statistics

General Stats
  • This quiz has been taken 33 times
  • The average score is 270 of 400
Answer Stats
People Answer % Correct
Empress Sisi Real
100%
Jacqueline Onassis Kennedy Real
100%
Grace Kelly Real
100%
Catherine the Great Real
100%
Marie Antoinette Real
100%
Moana Fake
91%
Cinderella Fake
91%
Jafar Fake
91%
Rapunzel Fake
91%
Marilyn Monroe Real
91%
Miranda Kerr Real
91%
John Stamos Real
91%
Kelly Rowland Real
91%
Jennifer Aniston Real
91%
Adrianna Lima Real
91%
Paul Bunyan Fake
82%
Captain Hook Fake
82%
Gaston Fake
82%
LeFou Fake
82%
Tiana Fake
82%
Mr. Smee Fake
82%
Pinocchio Fake
82%
Kristoff Fake
82%
Giselle Fake
82%
Peter Pan Fake
82%
Mermaid Man Fake
82%
Mrs. Lopart Fake
82%
Mr. Lopart Fake
82%
Handy Manny Fake
82%
Barnacle Boy Fake
82%
Mrs. Puff Fake
82%
Grandma SquarePants Fake
82%
Raymond Barone Fake
82%
Debra Barone Fake
82%
Frank Barone Fake
82%
Marie Barone Fake
82%
Ally Barone Fake
82%
Michael Barone Fake
82%
Liu Wen Real
82%
Wendy Williams Real
82%
Carol Burnett Real
82%
Shirley Temple Real
82%
Elenor Roosevelt Real
82%
Ivan the terrible Real
82%
Peter the Great Real
82%
Jennifer Hudson Real
82%
Kelly Clarkson Real
82%
Victor Fleming Real
82%
Paula Dean Real
82%
Vera Ellen Real
82%
Doris Day Real
82%
Sophia Loren Real
82%
Elizabeth Taylor Real
82%
Brigitte Bardot Real
82%
Twiggy Real
82%
Jeffery Barone Fake
73%
Robert Barone Fake
73%
Amy MacDougall Barone Fake
73%
Joanne Glotz Fake
73%
Allan Harper Fake
73%
Jake Harper Fake
73%
Charlie Harper Fake
73%
Judith Harper Fake
73%
Evelyn Harper Fake
73%
Dora Marquez Fake
73%
Diego Marquez Fake
73%
Alicia Marquez Fake
73%
Daisy Marquez Fake
73%
Carrie Heffernan Fake
73%
Doug Heffernan Fake
73%
Arthur Spooner Fake
73%
Father Hubley Fake
73%
Lucille Ball Real
73%
Mary Tyler Moore Real
73%
Christopher Plummer Real
73%
Peter Boyle Real
73%
Reese Witherspoon Real
73%
Christina Aguilera Real
73%
CeeLo Green Real
73%
Sean Paul Real
73%
Margot Robbie Real
73%
Bob Marley Real
73%
Sean Kingston Real
73%
Nelson Mandela Real
73%
Doris Roberts Real
73%
Michelle Kwan Real
73%
Leonardo DiCaprio Real
73%
Emma Watson Real
73%
Shania Twain Real
73%
LeAnn Rimes Real
73%
Gene Kelly Real
73%
Merlin Fake
64%
King Arthur Fake
64%
Mary Poppins Fake
64%
Zeus Fake
64%
Aurora Fake
64%
Jasmine Fake
64%
Glinda the Good Witch of the North Fake
64%
Apollo Fake
64%
Aphrodite Fake
64%
Almira Gulch Fake
64%
Dorothy Gale Fake
64%
Aladdin Fake
64%
Hades Fake
64%
Don Quixote Fake
64%
Tom Sawyer Fake
64%
Wendy Darling Fake
64%
Huckleberry Finn Fake
64%
Sherlock Holmes Fake
64%
Count Dracula Fake
64%
Hamlet Fake
64%
Romeo Montague Fake
64%
Juliet Capulet Fake
64%
Scarlett O'Hera Fake
64%
Ebeneezer Scrooge Fake
64%
Frankenstein Fake
64%
Gretl Fake
64%
Hansel Fake
64%
Thor Fake
64%
Christopher Robin Fake
64%
Hera Fake
64%
Charlie Bucket Fake
64%
Medusa Fake
64%
Athena Fake
64%
Morgan Le Fay Fake
64%
Dean Martin Real
64%
Howie Mandel Real
64%
Michael Phelps Real
64%
Shaquille O'Neal Real
64%
Michael Jordan Real
64%
Christina Perri Real
64%
Harriet Beecher Stowe Real
64%
Wayne Brady Real
64%
Paula Abdul Real
64%
Nicholas 2 of Russia Real
64%
Kobe Bryant Real
64%
Vivien Leigh Real
64%
Davy Crockett Real
64%
Martin Luther Real
64%
Cleopatra Real
64%
Pocahontas Real
64%
Harriet Tubman Real
64%
Abraham Lincoln Real
64%
Sharon Osbourne Real
64%
Martin Luther King Jr. Real
64%
Alexander the Great Real
64%
John D. Rockerfeller Real
64%
Audrey Hepburn Real
64%
Ghengis Khan Real
64%
Walt Disney Real
64%
Plato Real
64%
Socrates Real
64%
Homer Real
64%
Susan B. Anthony Real
64%
Thomas Edison Real
64%
Pope Francis Real
64%
Aristotle Real
64%
Pythagoras Real
64%
Billie Burke Real
64%
Winston Churchill Real
64%
Joseph Stalin Real
64%
Adam Smith Real
64%
Judy Garland Real
64%
Joan of Arc Real
64%
Upton Sinclair Real
64%
Karl Marx Real
64%
Napolean Real
64%
Michelle Obama Real
64%
Marco Polo Real
64%
Christopher Colombus Real
64%
John Smith Real
64%
Squanto Real
64%
Vladimir Lenin Real
64%
Nikola Tesla Real
64%
Alexander Graham Bell Real
64%
Eli Whitney Real
64%
Johannes Gutenberg Real
64%
Johnny Appleseed Real
64%
Mark Twain Real
64%
Dr. Seuss Real
64%
Vladimir the Impaler Real
64%
Pyotr Ilyich Tchaikovsky Real
64%
Nikolai Rimsky-Korsakov Real
64%
Rihanna Real
64%
George Washington Real
64%
Wolfgang Amadeus Mozart Real
64%
Frederic Chopin Real
64%
Confucius Real
64%
Andrea Bocelli Real
64%
Mahatama Ghandi Real
64%
Elton John Real
64%
Justin Timberlake Real
64%
Mother Theresa Real
64%
Ludwig Von Beethoven Real
64%
Johannes Sebastian Bach Real
64%
Wolfgang Puck Real
64%
Gordon Ramsey Real
64%
Simon Cowell Real
64%
Michael Jackson Real
64%
Whitney Housten Real
64%
Lionel Richie Real
64%
Tom Kenny Real
64%
Freddy Mercury Real
64%
Adam Lambert Real
64%
Carrie Underwood Real
64%
Pitbull Real
64%
Flo Rida Real
64%
Jennifer Lopez Real
64%
Selena Gomez Real
64%
Miley Cyrus Real
64%
Queen Elizabeth 1 Real
64%
Charles Darwin Real
64%
William Shakespeare Real
64%
Taylor Swift Real
64%
Catherine Princess of Wales Real
64%
Prince William Real
64%
Princess Diana / Lady Di Real
64%
Rosa Parks Real
64%
Queen Letizia Real
64%
Angela Merkel Real
64%
Bon Jovi Real
64%
Tina Turner Real
64%
Aretha Franklin Real
64%
Queen Elizabeth 2 Real
64%
Louis Armstrong Real
64%
Queen Victoria Real
64%
Prince Albert Real
64%
Bill Gates Real
64%
Little Richard Real
64%
Mark Zuckerberg Real
64%
Lance Armstrong Real
64%
Hans Christian Andersen Real
64%
Henry Ford Real
64%
Mary Todd Lincoln Real
64%
Clara Barton Real
64%
Mel Blanc Real
64%
Hellen Keller Real
64%
Katy Perry Real
64%
Jill Biden Real
64%
George Bush Real
64%
Bill Clinton Real
64%
Neil Armstrong Real
64%
Hilary Clinton Real
64%
Thomas Jefferson Real
64%
Florence Nightingale Real
64%
Charles Dickens Real
64%
Betsy Ross Real
64%
Martha Washington Real
64%
Joe Biden Real
64%
Crazy Horse Real
64%
Albert Einstein Real
64%
Isacc Newton Real
64%
Madonna Real
64%
Nicki Minaj Real
64%
Jessica Simpson Real
64%
Paris Hilton Real
64%
Mariah Carey Real
64%
Lady Gaga Real
64%
Simon Bolivar Real
64%
Benjamin Franklin Real
64%
William Penn Real
64%
Antonio Vivaldi Real
64%
Michaelangelo Real
64%
Leonardo Da Vinci Real
64%
Queen Maxima Real
64%
Queen Rania Real
64%
Emmanuel Macron Real
64%
Justin Trudeau Real
64%
Justin Bieber Real
64%
Frank Sinatra Real
64%
Amelia Earhart Real
64%
Bing Crosby Real
64%
Nat King Cole Real
64%
Fred Astaire Real
64%
Theodore Roosevelt Real
64%
Dick Van Dyke Real
64%
Julie Andrews Real
64%
Adam Levine Real
64%
Andrew Carnegie Real
64%
Victor Hugo Real
64%
A.A Milne Real
64%
P.L Travers Real
64%
Prince Harry Real
64%
Cher Real
64%
Fred Rogers Real
64%
Tyra Banks Real
64%
Heidi Klum Real
64%
Pamela Anderson Real
64%
Helene Fischer Real
64%
Joan Rivers Real
64%
Anne Hathaway Real
64%
Jim Parsons Real
64%
Sarah Ferguson Real
64%
Sigmund Freud Real
64%
Julius Caesar Real
64%
Steve Jobs Real
64%
Sean O'Pry Real
64%
Chris Hemsworth Real
64%
Paige O'Hara Real
64%
Jodi Benson Real
64%
Nicole Kidman Real
64%
Marie Osmond Real
64%
Angelina Joli Real
64%
Gwen Stefani Real
64%
Blake Shelton Real
64%
Goldie Hawn Real
64%
Tony Bennett Real
64%
Lou Monte Real
64%
Celine Dion Real
64%
Josh Groban Real
64%
Susan Boyle Real
64%
Jackie Evancho Real
64%
Kate Moss Real
64%
Ryan Gosling Real
64%
Lucy Liu Real
64%
Vera Wang Real
64%
Simone Biles Real
64%
Kristi Yamaguchi Real
64%
Indina Menzel Real
64%
Kristin Chenoweth Real
64%
Ariana Grande Real
64%
Dua Lipa Real
64%
Kate Upton Real
64%
Rick Astley Real
64%
Ray Ramano Real
64%
Elvis Presley Real
64%
John Travolta Real
64%
Olivia Newton John Real
64%
Jackie Robinson Real
64%
Babe Ruth Real
64%
Oprah Winfrey Real
64%
Tom Brady Real
64%
Yo Yo Ma Real
64%
John F. Kennedy Real
64%
Ada Lovelace Real
64%
Ringo Starr Real
64%
Sally Ride Real
64%
Barack Obama Real
64%
Malala Yousafzai Real
64%
Alexander Hamilton Real
64%
Nellie Bly Real
64%
Mohammed Ali Real
64%
Arnold Schwarzenegger Real
64%
Madame CJ Walker Real
64%
Vera Wang Real
64%
Christian Louboutin Real
64%
Bruce Lee Real
64%
Eddie Murphy Real
64%
Cameron Diaz Real
64%
Mike Myers Real
64%
Johnny Depp Real
64%
Stephen Hillenburg Real
64%
Jessie J Real
64%
Britney Spears Real
64%
Victoria Beckham Real
64%
Charlie Sheen Real
64%
Patricia Heaton Real
64%
Brad Garett Real
64%
Lea Salonga Real
64%
Ming Na Wen Real
64%
Clancy Brown Real
64%
Ronald Reagan Real
64%
Barbara Streisand Real
64%
Gwyneth Paltrow Real
64%
Steve Harvey Real
64%
Vanna White Real
64%
Pat Sajak Real
64%
Julie Chen Moonves Real
64%
Drew Carey Real
64%
Alex Trebek Real
64%
Ken Jennings Real
64%
Ryan Seacrest Real
64%
Sarah Dawn Finer Real
64%
Stevie Wonder Real
64%
James Madison Real
64%
Henry Hudson Real
64%
LeBron James Real
64%
Zara Larsson Real
64%
Mensa Musa Real
64%
Ellie Wiesel Real
64%
John Adams Real
64%
Edgar Allan Poe Real
64%
Malcom X Real
64%
Anne Frank Real
64%
Caitlyn Jenner / Bruce Jenner Real
64%
Kourtney Kardashian Real
64%
Khloe Kardashian Real
64%
Kendall Jenner Real
64%
Bella Hadid Real
64%
Gigi Hadid Real
64%
Kylie Jenner Real
64%
Cardi B Real
64%
Kim Kardashian Real
64%
Meghan Markle Real
64%
Ivanka Trump Real
64%
Melania Trump Real
64%
Vladimir Putin Real
64%
Benito Mussolini Real
64%
Donald Trump Real
64%
Adolf Hitler Real
64%
No matching quizzes found
Score Distribution
Percent of People with Each Score
Percentile by Number Answered
Your Score History
You have not taken this quiz